000 00612nam a22002297a 4500
003 UA-OsUOA
001 118010
007 ta
008 20160704b un ||||| |||| 00| 0 ukr d
100 _aЧамата Н.
700 _aСмілянська В.
090 _a82
_bЧ-17
942 _cSA
040 _aUA-OsUOA
_bukr
_cUA-OsUOA
_dUA-OsUOA
245 _aПро сумнівні гіпотези в шевченкознавстві
300 _aС.25-31
955 _a0
041 _aukr
080 _a82
773 0 _w118009
650 7 _a82 Література. Літературознавство
_2UDC
999 _c404046
_d404046